Balanced Scorecard Method as Measuring Instrument of Business Performance
Nástroje podnikového manažmentu. Metóda BSC a meranie výkonu podniku. Vplyv uplatnenia BSC v podnikoch v období ekonomickej depresie. Výskum v odvetví textilného priemyslu v SR.
Salvato in:
| Autore principale: | |
|---|---|
| Altri autori: | |
| Natura: | Capitolo di libro |
| Lingua: | inglese |
| Soggetti: | |
| Tags: |
Nessun Tag, puoi essere il primo ad aggiungerne!!
|
MARC
| LEADER | 00000nla a2200000 4500 | ||
|---|---|---|---|
| 001 | 0180933 | ||
| 005 | 20240502083425.4 | ||
| 041 | 0 | |a eng | |
| 044 | |a RO | ||
| 245 | 1 | 0 | |a Balanced Scorecard Method as Measuring Instrument of Business Performance |c Petra Szaryszová, Anna Moščáková |
| 520 | |a Nástroje podnikového manažmentu. Metóda BSC a meranie výkonu podniku. Vplyv uplatnenia BSC v podnikoch v období ekonomickej depresie. Výskum v odvetví textilného priemyslu v SR. | ||
| 610 | 2 | 0 | |a meranie výkonnosti |
| 610 | 2 | 0 | |a riadenie podnikové |
| 610 | 2 | 0 | |a výkonnosť podniku |
| 610 | 2 | 0 | |a zamestnanci |
| 610 | 2 | 0 | |a nástroje riadenia |
| 610 | 2 | 0 | |a depresia |
| 610 | 2 | 0 | |a priemysel textilný |
| 100 | 1 | |a Szaryszová, Petra, 1984- | |
| 700 | 1 | |a Moščáková, Anna, 1987- | |